00293nam a2200121Ia 4500008004100000100002100041245002700062260003700089300000900126650001400135942000700149999001500156190216s9999||||xx |||||||||||||| ||und|| aLeonid V Azaroff 0aIntorduction To Solids bTata Mcgrawhill Publishersc1981 a977p aChemistry cBK c2315d2315